| 000 | 00503cam a2200193 4500 | ||
|---|---|---|---|
| 001 | 5884 | ||
| 010 | _a9726492572 | ||
| 021 | _b51779/91 | ||
| 090 | _a5884 | ||
| 100 | _a20211231d1992 b y0pory5003 ba | ||
| 200 | 1 |
_aO dia do coelhinho _fil. Elizabeth Worsley |
|
| 210 | 9 |
_a[Porto] _cDesabrochar _d1992 |
|
| 215 |
_a[10] p. _cil. |
||
| 225 |
_aQueridos orelhudos _v4 |
||
| 675 |
_a087.5 _vBN _zpor |
||
| 700 |
_aWorsley _bElisabeth _95576 |
||
| 801 | 0 |
_aPT _bBMVN _gRPC |
|
| 830 |
_cTânia Croca _d31/12/2021 |
||
| 990 | _cLIVROS | ||